[Event "Bad Harzburg op 13th"]
[Site "Bad Harzburg"]
[Date "2012.11.01"]
[Round "4"]
[White "Kollars, Dmitrij"]
[Black "Rueggeberg, Jan"]
[Result "1-0"]
[WhiteElo "2027"]
[BlackElo "1880"]
[PlyCount "44"]
[EventDate "2012.10.30"]
[EventType "swiss"]
[EventRounds "8"]
[EventCountry "GER"]
[SourceTitle "EXT 2014"]
[Source "ChessBase"]
[SourceDate "2013.11.20"]
[SourceVersion "1"]
[SourceVersionDate "2013.11.20"]
[SourceQuality "1"]

1. e4 e5 2. Nf3 d6 3. d4 Nf6 4. Nc3 Nbd7 5. Bc4 Be7 6. 0-0 0-0 7. Re1 c6 8. a4 Qc7 9. Bg5 b6 10. Qd2 Bb7 11. Bb3 a6 12. Rad1 Rad8 13. Qd3 h6 14. Bh4 exd4 15. Nxd4 Nc5 16. Qg3 Nh5 17. Qg4 Nf6 18. Qf3 Nxb3 19. cxb3 Ne8 20. Bxe7 Qxe7 21. Nf5 Qe5 22. Qg4 Nf6 1-0

[Event "Vellmar op-A 4th"]
[Site "Vellmar"]
[Date "2012.07.27"]
[Round "3"]
[White "Rueggeberg, Jan"]
[Black "Khudovekov, Stanislav"]
[Result "0-1"]
[WhiteElo "1874"]
[BlackElo "2107"]
[PlyCount "86"]
[EventDate "2012.07.26"]
[EventType "swiss"]
[EventRounds "7"]
[EventCountry "GER"]
[SourceTitle "EXT 2014"]
[Source "ChessBase"]
[SourceDate "2013.11.20"]
[SourceVersion "1"]
[SourceVersionDate "2013.11.20"]
[SourceQuality "1"]

1. c4 f5 2. g4 fxg4 3. Bg2 Nf6 4. Qb3 Nc6 5. h3 e5 6. hxg4 Nxg4 7. Be4 Qf6 8. Qg3 Bc5 9. e3 Nh6 10. Nc3 d6 11. Nd5 Qf7 12. Nf3 Bf5 13. Ng5 Qd7 14. Rxh6 Bxe4 15. Nxe4 0-0-0 16. Rh2 Kb8 17. a3 a5 18. Rb1 a4 19. Rg2 g6 20. b4 axb3 21. Rxb3 Na5 22. Rc3 Ba7 23. Ke2 c6 24. Ndf6 Qe7 25. Qg5 d5 26. cxd5 cxd5 27. Ng3 d4 28. Rd3 dxe3 29. fxe3 Rxd3 30. Kxd3 Rd8+ 31. Ke4 Nc4 32. Rf2 Nd6+ 33. Kf3 Nf7 34. Qh4 g5 35. Qxh7 Qxf6+ 36. Kg2 Qc6+ 37. Ne4 Nd6 38. d3 Nxe4 39. Qxe4 Qxc1 40. Qxe5+ Ka8 41. Qxg5 Rh8 42. Qg7 Qh1+ 43. Kg3 Bb8+ 0-1

[Event "Wilhelm Werner Memorial-H 31st"]
[Site "Bockenem"]
[Date "2006.05.27"]
[Round "5"]
[White "Rueggeberg, Jan"]
[Black "Holloway, Timo"]
[Result "1/2-1/2"]
[WhiteElo "1826"]
[BlackElo "1932"]
[PlyCount "39"]
[EventDate "2006.05.??"]
[EventType "swiss"]
[EventRounds "7"]
[EventCountry "GER"]
[SourceTitle "EXT 2008"]
[Source "ChessBase"]
[SourceDate "2007.11.25"]
[SourceVersion "1"]
[SourceVersionDate "2007.11.25"]
[SourceQuality "1"]

1. e3 g6 2. c3 c5 3. d4 cxd4 4. exd4 d5 5. Nf3 Nc6 6. Bf4 Bg7 7. Nbd2 Nf6 8. h3 Bf5 9. Bb5 Qb6 10. Qe2 0-0 11. Bxc6 Qxc6 12. 0-0 Qb6 13. Nb3 Ne4 14. Nfd2 Nxd2 15. Qxd2 Rfe8 16. Rae1 a5 17. Nc5 Qc6 18. g4 b6 19. gxf5 bxc5 20. fxg6 1/2-1/2

[Event "Suedniedersachsen distr-ch"]
[Site "Bad Salzdetfurth"]
[Date "2004.10.17"]
[Round "4"]
[White "Belov, Igor2222"]
[Black "Rueggeberg, Jan"]
[Result "1-0"]
[WhiteElo "2091"]
[BlackElo "1809"]
[PlyCount "85"]
[EventDate "2004.10.15"]
[EventType "swiss"]
[EventRounds "5"]
[EventCountry "GER"]
[SourceTitle "EXT 2008"]
[Source "ChessBase"]
[SourceDate "2007.11.25"]
[SourceVersion "1"]
[SourceVersionDate "2007.11.25"]
[SourceQuality "1"]

1. c4 g5 2. d3 Bg7 3. Qc2 g4 4. e3 Nc6 5. a3 d6 6. Nc3 h5 7. h3 Nh6 8. hxg4 hxg4 9. b4 e5 10. b5 Ne7 11. e4 Ng6 12. Nge2 f5 13. exf5 Nxf5 14. Rxh8+ Nxh8 15. g3 Nf7 16. Bg2 Ng5 17. Bxg5 Qxg5 18. Nd5 Kd8 19. Qd2 Qxd2+ 20. Kxd2 c6 21. bxc6 bxc6 22. Nb4 Kc7 23. Bxc6 Rb8 24. Rb1 Rxb4 25. axb4 Kxc6 26. Rh1 Be6 27. Ra1 Kb7 28. Ra5 a6 29. b5 axb5 30. Rxb5+ Kc6 31. Ra5 e4 32. dxe4 Nd4 33. Ra7 Bh6+ 34. Nf4 Bxc4 35. Rh7 Bxf4+ 36. gxf4 Kc5 37. Rg7 Be2 38. Ke3 Bf3 39. Rc7+ Kb6 40. Rc1 Nc6 41. f5 Kc7 42. f6 Kd7 43. Rxc6 1-0

[Event "Wilhelm Werner Memorial-H 28th"]
[Site "Bockenem"]
[Date "2003.05.29"]
[Round "2"]
[White "Rueggeberg, Jan"]
[Black "Korsus, Bernd"]
[Result "0-1"]
[WhiteElo "1874"]
[BlackElo "2227"]
[PlyCount "72"]
[EventDate "2003.??.??"]
[EventType "swiss"]
[EventRounds "7"]
[EventCountry "GER"]
[SourceTitle "EXT 2008"]
[Source "ChessBase"]
[SourceDate "2007.11.25"]
[SourceVersion "1"]
[SourceVersionDate "2007.11.25"]
[SourceQuality "1"]

1. Nc3 d5 2. e4 dxe4 3. Nxe4 Bf5 4. Ng3 Bg6 5. Nf3 Nd7 6. h4 h6 7. h5 Bh7 8. Bc4 e6 9. d3 Ngf6 10. Qe2 Nb6 11. Bb3 a5 12. Ne5 Nfd5 13. a3 a4 14. Ba2 Bd6 15. Bd2 Qf6 16. Nc4 Nxc4 17. Bxc4 Qxb2 18. 0-0 0-0 19. Ne4 Qe5 20. f4 Qd4+ 21. Qf2 Qxf2+ 22. Rxf2 Bxe4 23. dxe4 Nb6 24. Bd3 Bc5 25. Bb4 Bxf2+ 26. Kxf2 Rfc8 27. g4 c5 28. Bc3 c4 29. Be2 Nd7 30. g5 f6 31. Rg1 hxg5 32. fxg5 Kf7 33. h6 g6 34. Rh1 Rc5 35. h7 Rh8 36. gxf6 Nxf6 0-1

[Event "Baunatal op 8th"]
[Site "Baunatal"]
[Date "2002.08.11"]
[Round "5"]
[White "Ramme, Christoph"]
[Black "Rueggeberg, Jan"]
[Result "1/2-1/2"]
[WhiteElo "2106"]
[BlackElo "1805"]
[PlyCount "26"]
[EventDate "2002.08.09"]
[EventType "swiss"]
[EventRounds "7"]
[EventCountry "GER"]
[SourceTitle "EXT 2003"]
[Source "ChessBase"]
[SourceDate "2002.11.25"]
[SourceVersion "1"]
[SourceVersionDate "2002.11.25"]
[SourceQuality "1"]

1. e4 h6 2. d4 a6 3. Be3 d6 4. Nc3 g5 5. Be2 Bg7 6. Qd2 Nc6 7. h4 g4 8. f4 gxf3 9. Nxf3 Bg4 10. Bc4 Nf6 11. Qf2 Bh5 12. Nh2 Qd7 13. Bd3 Nb4 1/2-1/2

[Event "Baunatal op 8th"]
[Site "Baunatal"]
[Date "2002.08.10"]
[Round "4"]
[White "Rueggeberg, Jan"]
[Black "Rafiee, Kayvan"]
[Result "1-0"]
[WhiteElo "1805"]
[BlackElo "2093"]
[PlyCount "65"]
[EventDate "2002.08.09"]
[EventType "swiss"]
[EventRounds "7"]
[EventCountry "GER"]
[SourceTitle "EXT 2003"]
[Source "ChessBase"]
[SourceDate "2002.11.25"]
[SourceVersion "1"]
[SourceVersionDate "2002.11.25"]
[SourceQuality "1"]

1. c4 g6 2. Nc3 Bg7 3. d4 Nf6 4. e4 d6 5. f3 0-0 6. Be3 Nc6 7. Rc1 e5 8. d5 Ne7 9. Qd2 Nd7 10. g4 f5 11. gxf5 gxf5 12. Bd3 f4 13. Bf2 Qe8 14. Nb5 Qd8 15. c5 Nxc5 16. Bxc5 dxc5 17. Rxc5 c6 18. dxc6 Nxc6 19. Bc4+ Kh8 20. Nd6 Qf6 21. Qd5 Qh4+ 22. Kd1 h6 23. Ne2 Qf2 24. Rg1 Nb4 25. Nf7+ Kh7 26. Rxg7+ Kxg7 27. Qxe5+ Kh7 28. Rc7 Be6 29. Ng5+ Kg6 30. Rg7+ Kh5 31. Nh3+ Rf5 32. Nexf4+ Kh4 33. Rg4# 1-0

[Event "Baunatal op 8th"]
[Site "Baunatal"]
[Date "2002.08.09"]
[Round "2"]
[White "Rueggeberg, Jan"]
[Black "Kiese, Matthias"]
[Result "0-1"]
[WhiteElo "1805"]
[BlackElo "2236"]
[PlyCount "82"]
[EventDate "2002.08.09"]
[EventType "swiss"]
[EventRounds "7"]
[EventCountry "GER"]
[SourceTitle "EXT 2003"]
[Source "ChessBase"]
[SourceDate "2002.11.25"]
[SourceVersion "1"]
[SourceVersionDate "2002.11.25"]
[SourceQuality "1"]

1. h3 d5 2. c4 d4 3. d3 e5 4. g4 Bd7 5. Bg2 Bc6 6. Bxc6+ Nxc6 7. a3 a5 8. Qa4 Nf6 9. Bg5 Be7 10. Bxf6 Bxf6 11. Nf3 0-0 12. Nbd2 Qd7 13. Ne4 Be7 14. Qb5 f6 15. Qd5+ Qxd5 16. cxd5 Nb8 17. Rc1 Na6 18. h4 Rfd8 19. h5 Rxd5 20. Nh4 Kf7 21. Nf5 Bf8 22. Kd2 c6 23. f4 exf4 24. Rcf1 Nc5 25. Nxc5 Bxc5 26. Rxf4 Re8 27. h6 g6 28. Ng3 Bd6 29. Rf3 Bxg3 30. Rxg3 Rb5 31. Rb1 a4 32. Rf3 Rbe5 33. Rf2 b5 34. Rbf1 R8e6 35. Rg2 Re3 36. Rff2 Ke7 37. Rf4 c5 38. Rff2 Rh3 39. Rh2 Ree3 40. Ke1 Rxh2 41. Rxh2 Rg3 0-1

[Event "Wilhelm Werner Memorial-H 27th"]
[Site "Bockenem"]
[Date "2002.05.09"]
[Round "2"]
[White "Schmidt, Lars"]
[Black "Rueggeberg, Jan"]
[Result "1-0"]
[WhiteElo "1944"]
[BlackElo "1792"]
[PlyCount "55"]
[EventDate "2002.05.??"]
[EventType "swiss"]
[EventRounds "7"]
[EventCountry "GER"]
[SourceTitle "EXT 2008"]
[Source "ChessBase"]
[SourceDate "2007.11.25"]
[SourceVersion "1"]
[SourceVersionDate "2007.11.25"]
[SourceQuality "1"]

1. e4 Nc6 2. d4 e5 3. d5 Nce7 4. Nf3 d6 5. c4 g6 6. Nc3 f5 7. exf5 gxf5 8. Ng5 Nf6 9. Be2 Bg7 10. Bh5+ Kf8 11. Bf7 h6 12. Ne6+ Bxe6 13. Bxe6 c6 14. 0-0 c5 15. Qf3 a6 16. Bxf5 b5 17. cxb5 axb5 18. Nxb5 Ra4 19. Nc3 Rd4 20. Be3 h5 21. Bxd4 cxd4 22. Ne4 Nexd5 23. Rac1 Qb6 24. Nxf6 Nxf6 25. Rc6 Qxb2 26. Rb1 Qd2 27. Rc8+ Ne8 28. Bg6+ 1-0